[Event "Tournoi International du Pays de Charleroi 2018"]
[Site "Roux, Belgium"]
[Date "2018.07.30"]
[Round "3.29"]
[White "Barbier, Wiebke"]
[Black "Wiley, Tom"]
[Result "1/2-1/2"]
[WhiteElo "2031"]
[BlackElo "2207"]

1. e4 {[%clk 01:30:59]} {[%emt 01:00:57]} c6 {[%clk 01:30:56]} {[%emt
00:00:03]} 2. d3 {[%clk 01:29:01]} {[%emt 00:02:29]} d5 {[%clk 01:31:09]}
{[%emt 00:00:16]} 3. Nd2 {[%clk 01:29:21]} {[%emt 00:00:10]} e5 {[%clk
01:31:32]} {[%emt 00:00:07]} 4. Ngf3 {[%clk 01:29:46]} {[%emt 00:00:05]} Bd6
{[%clk 01:31:58]} {[%emt 00:00:05]} 5. Be2 {[%clk 01:30:10]} {[%emt 00:00:06]}
Nf6 {[%clk 01:32:17]} {[%emt 00:00:11]} 6. c3 {[%clk 01:30:20]} {[%emt
00:00:20]} O-O {[%clk 01:32:24]} {[%emt 00:00:23]} 7. Qc2 {[%clk 01:29:54]}
{[%emt 00:00:55]} Re8 {[%clk 01:31:20]} {[%emt 00:01:35]} 8. O-O {[%clk
01:29:13]} {[%emt 00:01:12]} Nbd7 {[%clk 01:31:17]} {[%emt 00:00:32]} 9. Re1
{[%clk 01:29:31]} {[%emt 00:00:11]} Bf8 {[%clk 01:28:57]} {[%emt 00:02:50]} 10.
Nf1 {[%clk 01:29:15]} {[%emt 00:00:47]} a5 {[%clk 01:27:52]} {[%emt 00:01:35]}
11. a4 {[%clk 01:28:39]} {[%emt 00:01:06]} b6 {[%clk 01:27:39]} {[%emt
00:00:43]} 12. Ng3 {[%clk 01:28:01]} {[%emt 00:01:07]} g6 {[%clk 01:28:02]}
{[%emt 00:00:07]} 13. Bf1 {[%clk 01:26:37]} {[%emt 00:01:54]} Bb7 {[%clk
01:25:50]} {[%emt 00:02:43]} 14. Bg5 {[%clk 01:23:28]} {[%emt 00:03:39]} h6
{[%clk 01:22:48]} {[%emt 00:03:32]} 15. Bd2 {[%clk 01:20:48]} {[%emt 00:03:10]}
Bg7 {[%clk 01:21:07]} {[%emt 00:02:06]} 16. Rad1 {[%clk 01:20:57]} {[%emt
00:00:25]} Qc7 {[%clk 01:21:12]} {[%emt 00:00:26]} 17. Qc1 {[%clk 01:10:39]}
{[%emt 00:10:48]} h5 {[%clk 01:12:35]} {[%emt 00:09:06]} 18. Nh4 {[%clk
01:06:15]} {[%emt 00:04:54]} Nc5 {[%clk 01:11:15]} {[%emt 00:01:50]} 19. Qc2
{[%clk 00:53:25]} {[%emt 00:13:20]} Ne6 {[%clk 01:07:24]} {[%emt 00:04:21]} 20.
Nf3 {[%clk 00:43:15]} {[%emt 00:10:41]} Rad8 {[%clk 01:04:56]} {[%emt
00:02:57]} 21. Ng5 {[%clk 00:40:10]} {[%emt 00:03:35]} h4 {[%clk 00:58:04]}
{[%emt 00:07:22]} 22. Nxe6 {[%clk 00:37:25]} {[%emt 00:03:16]} Rxe6 {[%clk
00:57:35]} {[%emt 00:00:58]} 23. Nh1 {[%clk 00:35:06]} {[%emt 00:02:49]} Nh7
{[%clk 00:55:25]} {[%emt 00:02:40]} 24. c4 {[%clk 00:24:07]} {[%emt 00:11:29]}
d4 {[%clk 00:50:27]} {[%emt 00:05:28]} 25. c5 {[%clk 00:23:16]} {[%emt
00:01:22]} Bf8 {[%clk 00:48:57]} {[%emt 00:02:00]} 26. b4 {[%clk 00:22:48]}
{[%emt 00:00:58]} axb4 {[%clk 00:47:40]} {[%emt 00:01:46]} 27. Bxb4 {[%clk
00:23:11]} {[%emt 00:00:08]} bxc5 {[%clk 00:47:40]} {[%emt 00:00:29]} 28. Bxc5
{[%clk 00:23:35]} {[%emt 00:00:06]} Bxc5 {[%clk 00:48:03]} {[%emt 00:00:07]} 29.
Qxc5 {[%clk 00:24:02]} {[%emt 00:00:03]} Ra8 {[%clk 00:47:49]} {[%emt
00:00:44]} 30. Ra1 {[%clk 00:24:14]} {[%emt 00:00:18]} Ra5 {[%clk 00:47:47]}
{[%emt 00:00:33]} 31. Qc2 {[%clk 00:23:00]} {[%emt 00:01:43]} c5 {[%clk
00:46:39]} {[%emt 00:01:38]} 32. Ra3 {[%clk 00:18:40]} {[%emt 00:04:50]} Rea6
{[%clk 00:43:06]} {[%emt 00:04:03]} 33. Rea1 {[%clk 00:15:03]} {[%emt
00:04:07]} Bc6 {[%clk 00:42:14]} {[%emt 00:01:22]} 34. Be2 {[%clk 00:15:17]}
{[%emt 00:00:16]} Nf6 {[%clk 00:40:31]} {[%emt 00:02:12]} 35. Bd1 {[%clk
00:12:00]} {[%emt 00:03:47]} Qa7 {[%clk 00:34:36]} {[%emt 00:06:25]} 36. h3
{[%clk 00:06:18]} {[%emt 00:06:12]} Nd7 {[%clk 00:32:37]} {[%emt 00:02:28]} 37.
f3 {[%clk 00:05:20]} {[%emt 00:01:29]} Kg7 {[%clk 00:26:52]} {[%emt 00:06:15]}
38. Nf2 {[%clk 00:04:14]} {[%emt 00:01:35]} f6 {[%clk 00:25:23]} {[%emt
00:01:58]} 39. Qd2 {[%clk 00:02:43]} {[%emt 00:02:02]} Nf8 {[%clk 00:23:54]}
{[%emt 00:01:59]} 40. Bb3 {[%clk 00:01:32]} {[%emt 00:01:42]} Rb6 {[%clk
00:23:30]} {[%emt 00:00:53]} 41. Nd1 {[%clk 00:00:48]} {[%emt 00:01:14]} Rb4
{[%clk 00:20:57]} {[%emt 00:03:04]} 42. Nb2 {[%clk 00:26:26]} {[%emt 00:04:51]}
g5 {[%clk 00:48:39]} {[%emt 00:02:48]} 43. Nc4 {[%clk 00:24:28]} {[%emt
00:02:28]} Ra6 {[%clk 00:48:49]} {[%emt 00:00:21]} 44. a5 {[%clk 00:22:38]}
{[%emt 00:02:20]} Bd7 {[%clk 00:48:03]} {[%emt 00:01:15]} 45. Kh2 {[%clk
00:21:45]} {[%emt 00:01:23]} Be6 {[%clk 00:48:12]} {[%emt 00:00:21]} 46. Qc2
{[%clk 00:20:45]} {[%emt 00:01:30]} Ng6 {[%clk 00:47:54]} {[%emt 00:00:48]} 47.
Nd2 {[%clk 00:17:10]} {[%emt 00:04:05]} Nf4 {[%clk 00:46:29]} {[%emt 00:01:55]}
48. Bc4 {[%clk 00:16:00]} {[%emt 00:01:40]} Bxc4 {[%clk 00:46:17]} {[%emt
00:00:42]} 49. Nxc4 {[%clk 00:16:26]} {[%emt 00:00:04]} Ne6 {[%clk 00:46:08]}
{[%emt 00:00:37]} 1/2-1/2

[Event "Tournoi International du Pays de Charleroi 2018"]
[Site "Roux, Belgium"]
[Date "2018.07.30"]
[Round "3.14"]
[White "Klinova, Masha"]
[Black "Chauvon, Guillaume"]
[Result "0-1"]
[WhiteTitle "WGM"]
[WhiteElo "2298"]
[BlackElo "2013"]

1. e4 {[%clk 01:26:15]} {[%emt 00:04:42]} e5 {[%clk 01:30:53]} {[%emt
00:00:07]} 2. Nf3 {[%clk 01:26:40]} {[%emt 00:00:05]} Nc6 {[%clk 01:31:17]}
{[%emt 00:00:06]} 3. Bc4 {[%clk 01:27:01]} {[%emt 00:00:10]} Bc5 {[%clk
01:31:42]} {[%emt 00:00:04]} 4. d3 {[%clk 01:27:25]} {[%emt 00:00:06]} Nf6
{[%clk 01:32:02]} {[%emt 00:00:11]} 5. O-O {[%clk 01:27:41]} {[%emt 00:00:13]}
a6 {[%clk 01:30:59]} {[%emt 00:01:33]} 6. c3 {[%clk 01:25:35]} {[%emt
00:02:36]} Ba7 {[%clk 01:30:53]} {[%emt 00:00:36]} 7. Bb3 {[%clk 01:25:38]}
{[%emt 00:00:28]} O-O {[%clk 01:30:45]} {[%emt 00:00:38]} 8. Nbd2 {[%clk
01:25:50]} {[%emt 00:00:17]} d6 {[%clk 01:30:41]} {[%emt 00:00:35]} 9. Nc4
{[%clk 01:18:18]} {[%emt 00:08:02]} Be6 {[%clk 01:26:58]} {[%emt 00:04:12]} 10.
Ne3 {[%clk 01:16:32]} {[%emt 00:02:16]} d5 {[%clk 01:23:14]} {[%emt 00:04:14]}
11. Ng5 {[%clk 01:12:55]} {[%emt 00:04:07]} Qd7 {[%clk 01:20:47]} {[%emt
00:02:57]} 12. Nxe6 {[%clk 01:01:54]} {[%emt 00:11:31]} fxe6 {[%clk 01:21:00]}
{[%emt 00:00:17]} 13. Qe2 {[%clk 00:52:38]} {[%emt 00:09:46]} Rad8 {[%clk
01:15:57]} {[%emt 00:05:33]} 14. Bc2 {[%clk 00:48:54]} {[%emt 00:04:14]} Qf7
{[%clk 01:04:36]} {[%emt 00:11:51]} 15. g3 {[%clk 00:38:01]} {[%emt 00:11:23]}
h5 {[%clk 00:55:24]} {[%emt 00:09:42]} 16. Kg2 {[%clk 00:31:10]} {[%emt
00:07:21]} d4 {[%clk 00:46:31]} {[%emt 00:09:23]} 17. Nd1 {[%clk 00:29:13]}
{[%emt 00:02:28]} Qg6 {[%clk 00:36:30]} {[%emt 00:10:30]} 18. Bb3 {[%clk
00:24:29]} {[%emt 00:05:14]} Nd7 {[%clk 00:36:32]} {[%emt 00:00:29]} 19. f3
{[%clk 00:20:51]} {[%emt 00:04:08]} Nc5 {[%clk 00:34:39]} {[%emt 00:02:22]} 20.
Bc2 {[%clk 00:21:07]} {[%emt 00:00:14]} b5 {[%clk 00:34:09]} {[%emt 00:01:00]}
21. a3 {[%clk 00:20:17]} {[%emt 00:01:20]} Bb6 {[%clk 00:30:52]} {[%emt
00:03:47]} 22. Nf2 {[%clk 00:16:52]} {[%emt 00:03:54]} a5 {[%clk 00:28:32]}
{[%emt 00:02:51]} 23. b4 {[%clk 00:11:06]} {[%emt 00:06:16]} Nb7 {[%clk
00:25:34]} {[%emt 00:03:28]} 24. c4 {[%clk 00:10:58]} {[%emt 00:00:38]} axb4
{[%clk 00:21:35]} {[%emt 00:04:29]} 25. cxb5 {[%clk 00:10:57]} {[%emt
00:00:31]} Na7 {[%clk 00:20:55]} {[%emt 00:01:10]} 26. a4 {[%clk 00:10:43]}
{[%emt 00:00:45]} c6 {[%clk 00:18:39]} {[%emt 00:02:46]} 27. bxc6 {[%clk
00:07:48]} {[%emt 00:03:25]} Nxc6 {[%clk 00:19:05]} {[%emt 00:00:04]} 28. Bd2
{[%clk 00:08:08]} {[%emt 00:00:09]} Ba5 {[%clk 00:18:15]} {[%emt 00:01:20]} 29.
Bb3 {[%clk 00:08:13]} {[%emt 00:00:26]} Nc5 {[%clk 00:16:00]} {[%emt 00:02:44]}
30. Bc4 {[%clk 00:08:12]} {[%emt 00:00:31]} b3 {[%clk 00:14:04]} {[%emt
00:02:26]} 31. Bb5 {[%clk 00:06:04]} {[%emt 00:02:38]} Nb4 {[%clk 00:12:04]}
{[%emt 00:02:30]} 32. Rab1 {[%clk 00:05:58]} {[%emt 00:00:36]} Ra8 {[%clk
00:10:18]} {[%emt 00:02:16]} 33. Nd1 {[%clk 00:04:43]} {[%emt 00:01:45]} Nc2
{[%clk 00:08:52]} {[%emt 00:01:56]} 34. Rf2 {[%clk 00:02:38]} {[%emt 00:02:35]}
Na3 {[%clk 00:06:26]} {[%emt 00:02:56]} 35. Rc1 {[%clk 00:02:24]} {[%emt
00:00:44]} Nxa4 {[%clk 00:04:02]} {[%emt 00:02:55]} 36. Bxa4 {[%clk 00:01:48]}
{[%emt 00:01:05]} Bxd2 {[%clk 00:04:27]} {[%emt 00:00:04]} 37. Qxd2 {[%clk
00:02:13]} {[%emt 00:00:06]} Rxa4 {[%clk 00:04:50]} {[%emt 00:00:08]} 38. Nb2
{[%clk 00:02:21]} {[%emt 00:00:21]} Raa8 {[%clk 00:03:15]} {[%emt 00:02:05]} 39.
Rc5 {[%clk 00:01:46]} {[%emt 00:01:06]} Nc2 {[%clk 00:02:31]} {[%emt 00:01:13]}
40. Rxc2 {[%clk 00:01:52]} {[%emt 00:00:24]} bxc2 {[%clk 00:02:58]} {[%emt
00:00:02]} 41. Qxc2 {[%clk 00:02:18]} {[%emt 00:00:04]} h4 {[%clk 00:21:58]}
{[%emt 00:11:30]} 42. Nc4 {[%clk 00:29:41]} {[%emt 00:03:07]} hxg3 {[%clk
00:22:21]} {[%emt 00:00:08]} 43. hxg3 {[%clk 00:30:06]} {[%emt 00:00:04]} Qg5
{[%clk 00:22:37]} {[%emt 00:00:15]} 44. Qd2 {[%clk 00:28:28]} {[%emt 00:02:07]}
Qf6 {[%clk 00:18:38]} {[%emt 00:04:30]} 45. Qd1 {[%clk 00:25:13]} {[%emt
00:03:44]} Rfb8 {[%clk 00:17:50]} {[%emt 00:01:19]} 46. Qh1 {[%clk 00:21:10]}
{[%emt 00:04:33]} Rb3 {[%clk 00:15:41]} {[%emt 00:02:38]} 47. Rd2 {[%clk
00:21:05]} {[%emt 00:00:36]} Rf8 {[%clk 00:14:19]} {[%emt 00:01:50]} 48. Qh5
{[%clk 00:20:04]} {[%emt 00:01:32]} Rb5 {[%clk 00:14:21]} {[%emt 00:00:28]} 49.
Rf2 {[%clk 00:19:55]} {[%emt 00:00:40]} g6 {[%clk 00:14:14]} {[%emt 00:00:37]}
50. Qg4 {[%clk 00:19:45]} {[%emt 00:00:38]} Ra8 {[%clk 00:11:57]} {[%emt
00:02:48]} 51. f4 {[%clk 00:18:20]} {[%emt 00:01:56]} exf4 {[%clk 00:11:28]}
{[%emt 00:00:59]} 52. Rxf4 {[%clk 00:18:09]} {[%emt 00:00:41]} Ra2+ {[%clk
00:09:12]} {[%emt 00:02:46]} 53. Kf3 {[%clk 00:18:31]} {[%emt 00:00:08]} Rb1
{[%clk 00:08:41]} {[%emt 00:01:01]} 54. Qh3 {[%clk 00:15:57]} {[%emt 00:03:04]}
Qe7 {[%clk 00:06:18]} {[%emt 00:02:53]} 55. Rh4 {[%clk 00:11:49]} {[%emt
00:04:37]} Qf6+ {[%clk 00:06:07]} {[%emt 00:00:42]} 56. Rf4 {[%clk 00:12:14]}
{[%emt 00:00:06]} Qe7 {[%clk 00:06:09]} {[%emt 00:00:27]} 57. Rh4 {[%clk
00:12:40]} {[%emt 00:00:04]} Qg7 {[%clk 00:04:40]} {[%emt 00:01:59]} 58. Qxe6+
{[%clk 00:09:14]} {[%emt 00:03:55]} Qf7+ {[%clk 00:05:08]} {[%emt 00:00:03]} 59.
Qxf7+ {[%clk 00:09:37]} {[%emt 00:00:07]} Kxf7 {[%clk 00:05:29]} {[%emt
00:00:09]} 60. e5 {[%clk 00:09:30]} {[%emt 00:00:35]} Rf1+ {[%clk 00:03:10]}
{[%emt 00:02:50]} 61. Ke4 {[%clk 00:08:56]} {[%emt 00:01:04]} g5 {[%clk
00:02:11]} {[%emt 00:01:30]} 62. Rh6 {[%clk 00:04:14]} {[%emt 00:05:12]} Rg2
{[%clk 00:02:16]} {[%emt 00:00:25]} 63. Kxd4 {[%clk 00:03:21]} {[%emt
00:01:23]} Rxg3 {[%clk 00:02:34]} {[%emt 00:00:12]} 64. Ra6 {[%clk 00:02:55]}
{[%emt 00:00:56]} Rf4+ {[%clk 00:01:17]} {[%emt 00:01:46]} 65. Kc3 {[%clk
00:03:17]} {[%emt 00:00:08]} Rff3 {[%clk 00:01:44]} {[%emt 00:00:03]} 66. Rd6
{[%clk 00:02:51]} {[%emt 00:00:57]} g4 {[%clk 00:01:44]} {[%emt 00:00:30]} 67.
Nd2 {[%clk 00:02:45]} {[%emt 00:00:36]} Rf5 {[%clk 00:01:53]} {[%emt 00:00:20]}
68. Kd4 {[%clk 00:02:54]} {[%emt 00:00:21]} Rh3 {[%clk 00:01:55]} {[%emt
00:00:29]} 69. Ne4 {[%clk 00:02:39]} {[%emt 00:00:45]} Rf4 {[%clk 00:01:00]}
{[%emt 00:01:24]} 70. e6+ {[%clk 00:02:12]} {[%emt 00:00:58]} Ke7 {[%clk
00:01:20]} {[%emt 00:00:10]} 71. Ke5 {[%clk 00:02:30]} {[%emt 00:00:11]} Rxe4+
{[%clk 00:01:39]} {[%emt 00:00:11]} 72. dxe4 {[%clk 00:02:25]} {[%emt
00:00:35]} Rh5+ {[%clk 00:02:06]} {[%emt 00:00:04]} 73. Kd4 {[%emt 00:00:22]}
0-1

[Event "Tournoi International du Pays de Charleroi 2018"]
[Site "Roux, Belgium"]
[Date "2018.07.30"]
[Round "3.24"]
[White "Jamar, Vadim"]
[Black "Mitran Anthony, Cristian"]
[Result "1-0"]
[WhiteElo "1909"]
[BlackElo "2096"]

1. e4 {[%clk 01:30:57]} {[%emt 00:00:03]} g6 {[%clk 01:30:26]} {[%emt
00:00:35]} 2. d4 {[%clk 01:30:14]} {[%emt 00:01:13]} Bg7 {[%clk 01:30:45]}
{[%emt 00:00:12]} 3. Nc3 {[%clk 01:29:00]} {[%emt 00:01:43]} c6 {[%clk
01:30:05]} {[%emt 00:01:10]} 4. Be3 {[%clk 01:27:22]} {[%emt 00:02:08]} d5
{[%clk 01:30:26]} {[%emt 00:00:08]} 5. e5 {[%clk 01:26:45]} {[%emt 00:01:08]}
f6 {[%clk 01:29:55]} {[%emt 00:01:01]} 6. f4 {[%clk 01:24:24]} {[%emt
00:02:50]} Nh6 {[%clk 01:30:09]} {[%emt 00:00:16]} 7. Nf3 {[%clk 01:21:21]}
{[%emt 00:03:34]} O-O {[%clk 01:30:03]} {[%emt 00:00:36]} 8. Qd2 {[%clk
01:14:17]} {[%emt 00:07:32]} b5 {[%clk 01:28:43]} {[%emt 00:01:51]} 9. Bd3
{[%clk 01:06:00]} {[%emt 00:08:48]} a5 {[%clk 01:17:35]} {[%emt 00:11:38]} 10.
a4 {[%clk 00:52:45]} {[%emt 00:13:45]} b4 {[%clk 01:16:30]} {[%emt 00:01:35]}
11. Ne2 {[%clk 00:48:06]} {[%emt 00:05:09]} Qb6 {[%clk 01:13:01]} {[%emt
00:03:58]} 12. h3 {[%clk 00:44:50]} {[%emt 00:03:46]} f5 {[%clk 01:12:55]}
{[%emt 00:00:36]} 13. O-O-O {[%clk 00:33:44]} {[%emt 00:11:37]} e6 {[%clk
01:11:51]} {[%emt 00:01:34]} 14. Rdg1 {[%clk 00:33:48]} {[%emt 00:00:25]} Nd7
{[%clk 01:11:06]} {[%emt 00:01:15]} 15. g4 {[%clk 00:32:13]} {[%emt 00:02:06]}
Ba6 {[%clk 01:05:00]} {[%emt 00:06:36]} 16. Ng5 {[%clk 00:30:07]} {[%emt
00:02:35]} Rfe8 {[%clk 01:02:46]} {[%emt 00:02:45]} 17. Ng3 {[%clk 00:23:57]}
{[%emt 00:06:40]} Bxd3 {[%clk 00:57:28]} {[%emt 00:05:48]} 18. Qxd3 {[%clk
00:22:37]} {[%emt 00:01:50]} c5 {[%clk 00:57:08]} {[%emt 00:00:49]} 19. gxf5
{[%clk 00:21:19]} {[%emt 00:01:48]} c4 {[%clk 00:55:17]} {[%emt 00:02:21]} 20.
Qe2 {[%clk 00:19:57]} {[%emt 00:01:52]} exf5 {[%clk 00:54:48]} {[%emt
00:01:00]} 21. h4 {[%clk 00:10:14]} {[%emt 00:10:13]} Qc6 {[%clk 00:51:26]}
{[%emt 00:03:52]} 22. h5 {[%clk 00:10:07]} {[%emt 00:00:37]} Nf8 {[%clk
00:40:07]} {[%emt 00:11:48]} 23. hxg6 {[%clk 00:04:15]} {[%emt 00:06:22]} hxg6
{[%clk 00:39:26]} {[%emt 00:01:12]} 24. Rxh6 {[%clk 00:01:49]} {[%emt
00:02:56]} Bxh6 {[%clk 00:38:19]} {[%emt 00:01:37]} 25. Nxf5 {[%emt 00:06:12]}
Bg7 {[%clk 00:29:03]} {[%emt 00:03:39]} 26. Nxg7 {[%clk 00:01:08]} {[%emt
00:01:36]} Kxg7 {[%clk 00:25:07]} {[%emt 00:04:26]} 27. f5 {[%clk 00:01:32]}
{[%emt 00:00:05]} Qxa4 {[%clk 00:20:06]} {[%emt 00:05:32]} 28. f6+ {[%clk
00:01:54]} {[%emt 00:00:08]} Kg8 {[%clk 00:20:32]} {[%emt 00:00:04]} 29. f7+
{[%clk 00:02:02]} {[%emt 00:00:22]} Kg7 {[%clk 00:20:46]} {[%emt 00:00:16]} 30.
fxe8=N+ {[%clk 00:02:26]} {[%emt 00:00:06]} Rxe8 {[%clk 00:20:59]} {[%emt
00:00:16]} 31. Qf3 {[%clk 00:02:19]} {[%emt 00:00:38]} Qa1+ {[%clk 00:20:11]}
{[%emt 00:01:18]} 32. Kd2 {[%clk 00:02:43]} {[%emt 00:00:06]} c3+ {[%clk
00:20:39]} {[%emt 00:00:02]} 33. bxc3 {[%clk 00:01:52]} {[%emt 00:01:22]} Qxc3+
{[%clk 00:20:40]} {[%emt 00:00:28]} 34. Kd1 {[%clk 00:02:16]} {[%emt 00:00:06]}
Re7 {[%clk 00:19:55]} {[%emt 00:01:15]} 35. Qf6+ {[%clk 00:02:04]} {[%emt
00:00:41]} Kg8 {[%clk 00:20:19]} {[%emt 00:00:07]} 36. Qxe7 {[%clk 00:02:26]}
{[%emt 00:00:07]} Qxe3 {[%clk 00:20:39]} {[%emt 00:00:10]} 37. Qf7+ {[%clk
00:02:48]} {[%emt 00:00:08]} Kh8 {[%clk 00:21:08]} {[%emt 00:00:02]} 38. Qxf8
{[%clk 00:03:10]} {[%emt 00:00:08]} 1-0

[Event "Tournoi International du Pays de Charleroi 2018"]
[Site "Roux, Belgium"]
[Date "2018.07.30"]
[Round "3.28"]
[White "Hamblok, Roel"]
[Black "Schuermans, Robert"]
[Result "1/2-1/2"]
[WhiteTitle "FM"]
[WhiteElo "2286"]
[BlackElo "2044"]

1. Nf3 {[%clk 01:30:56]} {[%emt 00:00:04]} Nc6 {[%clk 01:30:29]} {[%emt
00:00:31]} 2. e4 {[%clk 01:31:02]} {[%emt 00:00:25]} e5 {[%clk 01:30:31]}
{[%emt 00:00:26]} 3. Bc4 {[%clk 01:31:17]} {[%emt 00:00:15]} Nf6 {[%clk
01:30:28]} {[%emt 00:00:33]} 4. d3 {[%clk 01:30:39]} {[%emt 00:00:32]} Be7 5.
Bb3 {[%emt 00:02:09]} d6 {[%clk 01:29:05]} {[%emt 00:01:19]} 6. c3 {[%clk
01:30:51]} {[%emt 00:00:20]} O-O {[%clk 01:29:00]} {[%emt 00:00:34]} 7. Nbd2
{[%clk 01:30:59]} {[%emt 00:00:23]} Na5 {[%clk 01:25:06]} {[%emt 00:04:23]} 8.
Bc2 {[%clk 01:30:44]} {[%emt 00:00:46]} c5 {[%clk 01:25:15]} {[%emt 00:00:20]}
9. Nf1 {[%clk 01:30:51]} {[%emt 00:00:24]} Qc7 {[%clk 01:23:28]} {[%emt
00:02:16]} 10. Ng3 {[%clk 01:30:41]} {[%emt 00:00:41]} Nc6 {[%clk 01:20:46]}
{[%emt 00:03:11]} 11. O-O {[%clk 01:30:46]} {[%emt 00:00:26]} b5 {[%clk
01:13:37]} {[%emt 00:07:38]} 12. h3 {[%clk 01:24:04]} {[%emt 00:07:13]} b4
{[%clk 01:09:50]} {[%emt 00:04:16]} 13. Be3 {[%clk 01:21:20]} {[%emt 00:03:15]}
Rb8 {[%clk 01:05:01]} {[%emt 00:05:19]} 14. d4 {[%clk 01:14:40]} {[%emt
00:07:10]} Ba6 {[%clk 00:54:55]} {[%emt 00:10:35]} 15. Re1 {[%clk 01:13:55]}
{[%emt 00:01:16]} bxc3 {[%clk 00:54:57]} {[%emt 00:00:28]} 16. bxc3 {[%clk
01:14:00]} {[%emt 00:00:26]} cxd4 {[%clk 00:55:06]} {[%emt 00:00:20]} 17. cxd4
{[%clk 01:14:05]} {[%emt 00:00:25]} Nb4 {[%clk 00:55:09]} {[%emt 00:00:26]} 18.
Bb3 {[%clk 01:12:14]} {[%emt 00:02:23]} Nd3 {[%clk 00:36:37]} {[%emt 00:19:01]}
19. Re2 {[%clk 01:08:19]} {[%emt 00:04:26]} Nb4 {[%clk 00:34:06]} {[%emt
00:02:59]} 20. Rd2 {[%clk 01:05:39]} {[%emt 00:03:11]} Qb7 {[%clk 00:27:20]}
{[%emt 00:07:14]} 21. d5 {[%clk 01:02:31]} {[%emt 00:03:40]} Rfc8 {[%clk
00:25:43]} {[%emt 00:02:07]} 22. Rb1 {[%clk 01:00:43]} {[%emt 00:02:18]} Rc3
{[%clk 00:24:18]} {[%emt 00:01:54]} 23. Ne1 {[%clk 00:52:48]} {[%emt 00:08:26]}
g6 {[%clk 00:17:17]} {[%emt 00:07:31]} 24. a3 {[%clk 00:32:41]} {[%emt
00:20:38]} Nbxd5 {[%clk 00:12:31]} {[%emt 00:05:14]} 25. Ba2 {[%clk 00:27:14]}
{[%emt 00:05:58]} Nb6 {[%clk 00:12:18]} {[%emt 00:00:42]} 26. Rxd6 {[%clk
00:15:22]} 1/2-1/2